| 000 | 00849cac a22002291u 4500 | ||
|---|---|---|---|
| 090 | _c4524 | ||
| 008 | 081105t1995 xxu||||| |||| 00| 0 eng d | ||
| 010 | _a94031037 | ||
| 020 | _a0471058297 (pbk : alk. paper) | ||
| 082 | 0 | 0 |
_a150 _bH8895 |
| 100 | _aHuffman, Karen. | ||
| 245 | 1 | 0 |
_aEssentials of psychology in action / _cKaren Huffman, Mark Vernoy, Judith Vernoy. |
| 260 |
_aNew York : _bWiley, _cc1995. |
||
| 300 |
_axxxi, 522, [80] p. : _bcol. ill. ; _c27 cm. |
||
| 500 | _aAbridged ed. of: Psychology in action. | ||
| 504 | _aIncludes bibliographical references (p. [557-582] and indexes. | ||
| 650 | 0 | _aPsychology. | |
| 700 | 1 | _aVernoy, Mark W. | |
| 700 | 1 | _aVernoy, Judith. | |
| 942 |
_cBB _k150H8895 _2ddc |
||
| 999 |
_c4524 _d4524 |
||